European Graph Puzzle Quiz Stats

 Plays Quiz Updated Jun 9, 2019

Score 0/40 Timer 11:00
13 Plays Today
% Correct
Vatican               San M.
87.5%
Spain
87.2%
Switz.
83.3%
Portugal
83.3%
France
81.5%
Neth.
81.4%
Germany
80.4%
Denmark
80.3%
Sweden
80.2%
Lux.
77.7%
Italy
76.9%
Andorra
76.5%
Slovenia
75.9%
Liecht.
72%
Poland
71.7%
Ukraine
71.5%
Austria
71.2%
Monaco
70.6%
Norway              





              Finland
70.3%
Slovakia
69.8%
% Correct
Turkey
69.4%
Czechia
68.3%
Belgium
68.1%
Romania
61.7%
Serbia
61.6%
Latvia
61.3%
Russia
61.2%
Moldova
59.4%
N. Mac.
58.8%
Hungary
58.5%
Estonia
57.8%
Croatia
56.6%
Bulgaria
55.9%
Lithuania
54.9%
Albania
54%
Kosovo
53.4%
Belarus
52.7%
Greece
52.6%
Mont.
51.4%
B&H
51.1%

You're not logged in!

Compare scores with friends on all Sporcle quizzes.
OR
Log In

Sporcle TV

Today on Sporcle TV


Watch our educational content, quiz creation guides, and fun videos on Sporcle TV.

Show Comments

Extras

Top Quizzes Today


Score Distribution

Your Account Isn't Verified!

In order to create a playlist on Sporcle, you need to verify the email address you used during registration. Go to your Sporcle Settings to finish the process.

Report this User

Report this user for behavior that violates our Community Guidelines.

Details: